000 01145cam a2200253 4500
001 WB4005-04
008 040204n2004 000 0 eng u
035 _a(Sirsi) u125019
245 _aGlobal industrial and office rents.
260 _c2004
490 _aKing Sturge Press Release
_v2 February 2003(1)
520 _aAccording to the latest King Sturge "Industrial and Office Rents Survey", London Heathrow is the most expensive location in the world for industrial property, with London's West End at the top for office rents. The survey indicates that occupational costs in prime office markets have not seen the positive growth that has been evident in the industrial markets. http://www.kingsturge.com/site/docs/pressoffice/ne wsdisplay.cfm?NID=%24%299%5F%23J0%20%20%0A.
590 _aWB
590 _aWB
650 _aHEATHROW
650 _aOFFICE RENTS
650 _aWEST END OF LONDON
650 _aPROPERTY-COMMERCIAL PROPERTY-OFFICE PROPERTY-OFFICE PROPERTY MARKET
650 _aINDUSTRIAL MARKET
650 _aINDUSTRIAL RENTS
650 _aCOMMERCIAL RENTS
690 _aCOMMERCIAL PROPERTY-MARKET
942 _n0
999 _c116993
_d116993